कंप्यूटर परिचालन की पद्धतियाँ / (Record no. 120895)
[ view plain ]
| 000 -LEADER | |
|---|---|
| fixed length control field | 01325nam a22002657a 4500 |
| 005 - DATE AND TIME OF LATEST TRANSACTION | |
| control field | 20170124103204.0 |
| 010 ## - LIBRARY OF CONGRESS CONTROL NUMBER | |
| LC control number | B-175971 |
| 020 ## - INTERNATIONAL STANDARD BOOK NUMBER | |
| Terms of availability | 150.00 |
| International Standard Book Number | 8180600467 |
| 035 ## - SYSTEM CONTROL NUMBER | |
| System control number | B-175971 |
| 037 ## - SOURCE OF ACQUISITION | |
| Source of stock number/acquisition | Cen Lib/Ret |
| 040 ## - CATALOGING SOURCE | |
| Original cataloging agency | DPL |
| Language of cataloging | HN |
| 082 ## - DEWEY DECIMAL CLASSIFICATION NUMBER | |
| Classification number | 005.13 |
| Item number | शर्मापी |
| 100 ## - MAIN ENTRY--PERSONAL NAME | |
| Personal name | शर्मा, पी.के. |
| 9 (RLIN) | 93283 |
| 245 ## - TITLE STATEMENT | |
| Title | कंप्यूटर परिचालन की पद्धतियाँ / |
| Statement of responsibility, etc | पी.के. शर्मा ; चित्रकार विवेक कौशिक |
| 246 ## - VARYING FORM OF TITLE | |
| Title proper/short title | Computer parichalan ki paddhtiyan / |
| Remainder of title | by P.K. Sharma |
| 260 ## - PUBLICATION, DISTRIBUTION, ETC. (IMPRINT) | |
| Place of publication, distribution, etc | दिल्ली |
| Name of publisher, distributor, etc | कृति प्रकाशन |
| Date of publication, distribution, etc | 2005 |
| 270 ## - ADDRESS | |
| City | दिल्ली |
| Address | 4/32 सुभाष गली विश्वास नगत शाहदरा |
| Postal code | 110032 |
| 300 ## - PHYSICAL DESCRIPTION | |
| Extent | 123पृ.: |
| Dimensions | 21सेमी(सजिल्द ) |
| Other physical details | सचित्र |
| 650 ## - SUBJECT ADDED ENTRY--TOPICAL TERM | |
| Topical term or geographic name as entry element | कंप्यूटर विज्ञान |
| General subdivision | |
| Geographic subdivision | |
| 9 (RLIN) | 93284 |
| 650 ## - SUBJECT ADDED ENTRY--TOPICAL TERM | |
| Topical term or geographic name as entry element | कंप्यूटर विज्ञान -- परिचालन की पद्धतियाँ |
| 9 (RLIN) | 93285 |
| 650 ## - SUBJECT ADDED ENTRY--TOPICAL TERM | |
| Topical term or geographic name as entry element | Computer Science |
| 9 (RLIN) | 93286 |
| 650 ## - SUBJECT ADDED ENTRY--TOPICAL TERM | |
| Topical term or geographic name as entry element | Computer Science - Operating Systems |
| 9 (RLIN) | 93287 |
| 700 ## - ADDED ENTRY--PERSONAL NAME | |
| Personal name | कौशिक, विवेक |
| 9 (RLIN) | 93288 |
| 942 ## - ADDED ENTRY ELEMENTS (KOHA) | |
| Source of classification or shelving scheme | Dewey Decimal Classification |
| Koha item type | Hindi Books |
| Classification part | 005.13 |
| Call number suffix | शर्मापी |
| Withdrawn status | Lost status | Damaged status | Not for loan | Home library | Current library | Date acquired | Source of acquisition | Cost, normal purchase price | Total Checkouts | Full call number | Barcode | Date last seen | Date checked out | Copy number | Cost, replacement price | Price effective from | Koha item type | Public note |
|---|---|---|---|---|---|---|---|---|---|---|---|---|---|---|---|---|---|---|
| Written off | Central Library | Central Library | 29/09/2015 | Cen Lib/Ret | 150.00 | 1 | 005.13 शर्मापी | B-175971 | 02/12/2018 | 18/11/2018 | 1 | 150.00 | 29/09/2015 | Hindi Books | Written off on approval by DLB (By Circulation); dtd 15-06-2023 |
